Fr. Conceicao Rodrigues College of Engineering

The Communication Handbook (Record no. 26510)

MARC details
000 -LEADER
fixed length control field 00323nam a2200145Ia 4500
082 ## - DEWEY DECIMAL CLASSIFICATION NUMBER
Classification number 621.382
Item number GIB
100 ## - MAIN ENTRY--PERSONAL NAME
Personal name Gibson/Jerry D
245 ## - TITLE STATEMENT
Title The Communication Handbook
260 ## - PUBLICATION, DISTRIBUTION, ETC.
Name of publisher, distributor, etc. Addison Wesley Pub
Place of publication, distribution, etc. Reading
Date of publication, distribution, etc. 1996
300 ## - PHYSICAL DESCRIPTION
Extent 1598
546 ## - LANGUAGE NOTE
Language note ENGLISH
654 ## - SUBJECT ADDED ENTRY--FACETED TOPICAL TERMS
Focus term Communications
942 ## - ADDED ENTRY ELEMENTS (KOHA)
Koha item type Reference Book
Holdings
Withdrawn status Lost status Damaged status Not for loan Collection Home library Current library Shelving location Date acquired Total Checkouts Full call number Barcode Date last seen Price effective from Koha item type
        CRC Fr. Agnel's C.Rodrigues College of Engineering Fr. Agnel's C.Rodrigues College of Engineering   17/03/2023   621.382 GIB 9373 17/03/2023 17/03/2023 Reference Book